Culture Générale - Série 1748 - Statistiques

Statistiques générales
  • Ce quiz a été pris 186 fois
  • Le résultat moyen est 4 sur 10
Statistiques - réponses
Question Réponse % Correct
Dans quelle ville allemande se déroule "la fête de la bière" ? Munich
95%
Quel nom donne-t-on à l'oeuf du pou ? lente
86%
Quel animal marin est surnommé "châtaigne de mer" ? oursin
81%
Ce nom peut désigner un guide religieux musulman, un sorcier africain, ou un oiseau. marabout
45%
De quel archipel Funchal est-elle la capitale ? Madere
39%
Quel nom donne-t-on à une une cellule à fonction reproductrice ? gamète
35%
De quelle rivière la rivière Uele est-elle un affluent ? Oubangui
8%
Quel nom donne-t-on à une grosse noisette oblongue ? aveline
6%
Spectres malfaisants issus des croyances de l'antiquité romaine lemures
3%
.Opération par laquelle on augmente le degré alcoolique d'un vin par addition d'alcool (pour obtenir des vins doux, des vins de liqueur) vinage
1%
Aucun quiz correspondant
Distribution des résultats
% des personnes avec chaque résultat
Percentile par nombre de réponses
Votre historique - résultats
Vous n’avez pas pris ce quiz